[Event "29th ECh U20"]
[Site "Patras GRE"]
[Date "2001.07.19"]
[Round "4"]
[White "Pilaj, Herwig"]
[Black "Georgiou, Kostantinos"]
[Result "1-0"]
[WhiteElo "2297"]
[BlackElo "2142"]
[EventDate "2001.07.16"]
[PlyCount "80"]

1.Nf3 Nf6 2.c4 e6 3.Nc3 c5 4.e3 Be7 5.d4 cxd4 6.exd4 d5 7.cxd5 Nxd5 8.Bd3 
Nc6 9.O-O O-O 10.a3 Nxc3 11.bxc3 Bf6 12.Bb2 g6 13.Qe2 Qb6 14.Rab1 Rd8 15.
Rfe1 Bg7 16.c4 Bxd4 17.Nxd4 Nxd4 18.Qe3 f6 19.Bxg6 hxg6 20.Qh6 Qc7 21.Bxd4
Rxd4 22.Rbd1 Rg4 23.h3 Rg5 24.f4 Rg3 25.Kh2 Rg5 26.Kh1 Rg3 27.Kh2 Rg5 28.
Kg1 Rg3 29.Kf2 Rxa3 30.Qxg6+ Kh8 31.Qh6+ Kg8 32.Qg6+ Kh8 33.Qxf6+ Kh7 34.
Re5 Ra5 35.Rxa5 Qxa5 36.Rd8 Qb6+ 37.Kg3 Qxd8 38.Qxd8 b6 39.Kh4 Kg6 40.Qe8+
Kf6 1-0

[Event "29th ECh U20"]
[Site "Patras GRE"]
[Date "2001.07.19"]
[Round "4"]
[White "Zournatsidis, Evgenios"]
[Black "Le Roux, Jean-Pierre"]
[Result "0-1"]
[WhiteElo "2098"]
[BlackElo "2285"]
[EventDate "2001.07.16"]
[PlyCount "194"]

1.e4 c5 2.Nf3 e6 3.b3 b6 4.Bb2 Bb7 5.Nc3 Nc6 6.Bb5 Nf6 7.e5 Ng4 8.Qe2 Qc7 
9.Bxc6 Bxc6 10.O-O-O O-O-O 11.h3 Bxf3 12.gxf3 Nh6 13.Nb5 Qb7 14.d4 Nf5 15.
dxc5 Bxc5 16.a4 a6 17.Nd4 Bxd4 18.Bxd4 Kb8 19.Qc4 Rc8 20.Qb4 Rc6 21.Kb2 
Rhc8 22.c4 b5 23.axb5 axb5 24.Qxb5 Qxb5 25.cxb5 Rc2+ 26.Ka3 Ne7 27.f4 Kb7 
28.b4 Nd5 29.Rd3 Re2 30.Kb3 Ra8 31.Rc1 Raa2 32.b6 Rad2 33.Rxd2 Rxd2 34.Kc4
Nxb6+ 35.Kc3 Ra2 36.Kb3 Re2 37.Bxb6 Kxb6 38.Rc2 Re4 39.Rc4 Re2 40.Rc2 Re1 
41.Rc8 Rh1 42.Rf8 Rxh3+ 43.Ka4 f6 44.Rf7 fxe5 45.fxe5 Kc7 46.Rxg7 h5 47.b5
Rh4+ 48.Ka5 Re4 49.Rg5 h4 50.Rh5 Rf4 51.Rh7 Rxf2 52.Rxh4 Ra2+ 53.Kb4 Re2 
54.Rh5 Kb6 55.Rh7 Rd2 56.Kc4 Rd5 57.Rg7 Rc5+ 58.Kd4 Rc7 59.Rg1 Rc2 60.Rg8 
Kxb5 61.Rb8+ Ka6 62.Rb1 Rd2+ 63.Ke4 Rd5 64.Rb2 Rb5 65.Rd2 Rb4+ 66.Ke3 Rb7 
67.Rd6+ Ka7 68.Ke4 Kb8 69.Ke3 Kc7 70.Ke4 Kd8 71.Ke3 Ke8 72.Ke4 Kf7 73.Ke3 
Kg6 74.Ke4 Kg5 75.Rd1 Rb4+ 76.Ke3 Kf5 77.Rxd7 Re4+ 78.Kf3 Kxe5 79.Rd8 Rd4 
80.Re8 Kd5 81.Ke3 Ra4 82.Rb8 Ra3+ 83.Kd2 e5 84.Ke2 Ke4 85.Rb4+ Kf5 86.Rb8 
Kf4 87.Rf8+ Ke4 88.Rb8 Ra2+ 89.Kf1 Kf4 90.Rb4+ e4 91.Rb8 Kf3 92.Ke1 Ra1+ 
93.Kd2 e3+ 94.Kd3 Rd1+ 95.Kc2 e2 96.Rf8+ Kg4 97.Rg8+ Kh5 0-1

[Event "29th ECh U20"]
[Site "Patras GRE"]
[Date "2001.07.19"]
[Round "4"]
[White "Gengler, Pierre"]
[Black "Guidarelli, Laurent"]
[Result "1-0"]
[WhiteElo "2023"]
[BlackElo "2323"]
[EventDate "2001.07.16"]
[PlyCount "55"]

1.d4 Nf6 2.c4 c5 3.d5 b5 4.cxb5 a6 5.bxa6 g6 6.Nc3 Bxa6 7.e4 Bxf1 8.Kxf1 
d6 9.Nf3 Bg7 10.g3 O-O 11.Kg2 Nbd7 12.Re1 Ra6 13.Nd2 Nb6 14.Qe2 Qa8 15.Nc4
Rb8 16.Nxb6 Raxb6 17.a4 e6 18.Qf3 exd5 19.exd5 Nd7 20.Ra3 Ne5 21.Qe2 c4 
22.Rd1 Nd3 23.Qe4 Rb4 24.Na2 Re8 25.Qxd3 cxd3 26.Nxb4 Re4 27.Nc6 Rxa4 28.
Rb3 1-0

[Event "29th ECh U20"]
[Site "Patras GRE"]
[Date "2001.07.20"]
[Round "5"]
[White "Smirnov, Pavel"]
[Black "Postny, Evgeny"]
[Result "1/2-1/2"]
[WhiteElo "2530"]
[BlackElo "2486"]
[EventDate "2001.07.16"]
[PlyCount "93"]

1.e4 e5 2.Nf3 Nc6 3.Bb5 Nf6 4.O-O Nxe4 5.d4 Nd6 6.Bxc6 dxc6 7.dxe5 Nf5 8.
Qxd8+ Kxd8 9.Nc3 Ke8 10.h3 Ne7 11.Re1 Nd5 12.Ne4 Nb4 13.Nd4 c5 14.Nb5 Kd7 
15.c4 Kc6 16.Re2 Be6 17.b3 Nd3 18.Ng5 Nxc1 19.Rxc1 Be7 20.Nxe6 fxe6 21.Rd1
a6 22.Nc3 Rad8 23.Red2 Rxd2 24.Rxd2 Bg5 25.Re2 b5 26.g3 Rd8 27.Ne4 Be7 28.
Kg2 Rd4 29.Nd2 Kb6 30.f4 Ka5 31.Kf2 Kb4 32.Ke3 Ka3 33.g4 Kxa2 34.cxb5 axb5
35.Nf3+ Kxb3 36.Nxd4+ cxd4+ 37.Kxd4 c5+ 38.Ke4 c4 39.f5 b4 40.fxe6 c3 41.
Kd3 g5 42.Re4 Kb2 43.Re2+ Kb1 44.Rg2 Bf8 45.e7 Bxe7 46.e6 Bf8 47.Re2 
1/2-1/2

[Event "29th ECh U20"]
[Site "Patras GRE"]
[Date "2001.07.20"]
[Round "5"]
[White "Buhmann, Rainer"]
[Black "Berg, Emanuel"]
[Result "0-1"]
[WhiteElo "2498"]
[BlackElo "2496"]
[EventDate "2001.07.16"]
[PlyCount "78"]

1.d4 f5 2.g3 Nf6 3.Bg2 d6 4.Nh3 Nc6 5.O-O g6 6.c3 Bg7 7.Qb3 e5 8.dxe5 dxe5
9.e4 Nxe4 10.Bxe4 fxe4 11.Ng5 Qe7 12.Be3 h6 13.Nxe4 b6 14.Na3 Be6 15.Qa4 
Bd7 16.Qb3 Na5 17.Qc2 O-O 18.f3 Rf7 19.b4 Nc6 20.Nc4 a5 21.b5 Nd8 22.a4 
Nb7 23.Ncd2 Raf8 24.Rad1 g5 25.g4 Nd8 26.Ng3 e4 27.Ngxe4 Ne6 28.Rfe1 Nf4 
29.Ng3 Nd5 30.Bxb6 Qa3 31.Bd4 Bxd4+ 32.cxd4 Ne3 33.Qc5 Qd3 34.Nge4 Nxd1 
35.Rxd1 Rxf3 36.Re1 R3f4 37.Qxc7 Rxg4+ 38.Kh1 Rxe4 39.Nxe4 Rf1+ 0-1

[Event "29th ECh U20"]
[Site "Patras GRE"]
[Date "2001.07.20"]
[Round "5"]
[White "Korobov, Anton"]
[Black "Dziuba, Marcin"]
[Result "1-0"]
[WhiteElo "2470"]
[BlackElo "2471"]
[EventDate "2001.07.16"]
[PlyCount "61"]

1.d4 d5 2.c4 c6 3.Nc3 dxc4 4.Nf3 b5 5.e4 Bg4 6.a4 b4 7.Nb1 Nf6 8.Bxc4 e6 
9.Qd3 Bxf3 10.gxf3 a5 11.Be3 Nbd7 12.Nd2 g6 13.O-O-O Bg7 14.f4 O-O 15.Kb1 
Nh5 16.Nf3 Qf6 17.Rhg1 Kh8 18.Bb3 Rac8 19.e5 Qe7 20.Rg5 Bh6 21.Rxh5 gxh5 
22.f5 Bxe3 23.f6 Nxf6 24.exf6 Qxf6 25.Qxe3 Rg8 26.Rc1 Rg4 27.Ne5 Rg2 28.f4
Rxh2 29.Rg1 Qf5+ 30.Ka2 Rh3 31.Nxf7+ 1-0

[Event "29th ECh U20"]
[Site "Patras GRE"]
[Date "2001.07.20"]
[Round "5"]
[White "Pert, Nicholas"]
[Black "Mastrovasilis, Dimitrios"]
[Result "1-0"]
[WhiteElo "2475"]
[BlackElo "2435"]
[EventDate "2001.07.16"]
[PlyCount "62"]

1.d4 d5 2.c4 c6 3.Nf3 Nf6 4.Qc2 g6 5.Bf4 dxc4 6.Qxc4 Bg7 7.e3 O-O 8.Be2 
Be6 9.Qc1 Nbd7 10.Nc3 c5 11.O-O Nd5 12.Nxd5 Bxd5 13.dxc5 Rc8 14.b4 a5 15.
a3 axb4 16.axb4 Bxa1 17.Qxa1 Re8 18.Rd1 e6 19.Bb5 Ra8 20.Qd4 Bc6 21.Bxc6 
bxc6 22.h4 Nf8 23.Bd6 h5 24.Ne5 Ra6 25.Qe4 Qa8 26.Qf3 Qb7 27.b5 Ra7 28.
bxc6 Qa8 29.Qf4 Qd8 30.Qf3 Nh7 31.c7 Qxh4 1-0

[Event "29th ECh U20"]
[Site "Patras GRE"]
[Date "2001.07.20"]
[Round "5"]
[White "Flumbort, Andras"]
[Black "Timofeev, Artiom"]
[Result "0-1"]
[WhiteElo "2372"]
[BlackElo "2521"]
[EventDate "2001.07.16"]
[PlyCount "114"]

1.d4 d5 2.c4 e6 3.Nf3 c6 4.Nbd2 f5 5.g3 Nf6 6.Bg2 Bd6 7.O-O O-O 8.b3 b6 9.
Bb2 Bb7 10.Rc1 Qe7 11.Ne5 a5 12.Ndf3 Na6 13.e3 Nb4 14.a3 Na6 15.cxd5 cxd5 
16.Nc6 Qe8 17.Nfe5 Nb8 18.Nxb8 Qxb8 19.Re1 Ba6 20.Rc2 Qb7 21.Nc4 Be7 22.
Ne5 Rac8 23.f3 Bd6 24.Rxc8 Rxc8 25.Qb1 Qe7 26.Rc1 Rc7 27.Kf2 Bb5 28.Rxc7 
Qxc7 29.Qc1 Qxc1 30.Bxc1 Kf8 31.Bb2 Ke8 32.Ke1 g5 33.Kd2 h5 34.Ke1 g4 35.
h3 Kd8 36.Nf7+ Kc7 37.Nxd6 Kxd6 38.fxg4 fxg4 39.a4 Bd3 40.hxg4 hxg4 41.
Ba3+ Kd7 42.b4 b5 43.bxa5 bxa4 44.Kd2 Bc4 45.Bf8 Nh5 46.e4 Kc6 47.exd5+ 
exd5 48.Ke3 Kb5 49.Bd6 Kxa5 50.Kd2 Kb5 51.Kc3 Kc6 52.Be5 a3 53.Bh1 a2 54.
Kb2 Kd7 55.Ka1 Ke6 56.Kb2 Nf6 57.Bg2 Ng8 0-1

[Event "29th ECh U20"]
[Site "Patras GRE"]
[Date "2001.07.20"]
[Round "5"]
[White "Guseinov, Gadir"]
[Black "Kujovic, Michal"]
[Result "1/2-1/2"]
[WhiteElo "2456"]
[BlackElo "2335"]
[EventDate "2001.07.16"]
[PlyCount "81"]

1.e4 c5 2.Nf3 d6 3.d4 cxd4 4.Nxd4 Nf6 5.Nc3 a6 6.Bg5 e6 7.f4 Nbd7 8.Qe2 
Qc7 9.O-O-O b5 10.f5 e5 11.Nd5 Nxd5 12.exd5 Be7 13.Bxe7 Kxe7 14.g4 Bb7 15.
g5 Kf8 16.Nc6 h6 17.f6 gxf6 18.gxf6 Nxf6 19.Bg2 Nxd5 20.Bxd5 Bxc6 21.Bxc6 
Qxc6 22.Rhf1 Ke7 23.Qf2 Rhf8 24.Qf6+ Kd7 25.Qxe5 Rae8 26.Qg7 Kc7 27.Qxh6 
f5 28.Rd3 b4 29.Qg7+ Kc8 30.Rfd1 Qc7 31.Qh6 Rh8 32.Qf4 Re2 33.R3d2 Rhxh2 
34.Qxh2 Rxh2 35.Rxh2 a5 36.Rf2 a4 37.Rf3 Qc4 38.b3 Qe4 39.Rfd3 a3 40.Kb1 
Qe5 41.c3 1/2-1/2

[Event "29th ECh U20"]
[Site "Patras GRE"]
[Date "2001.07.20"]
[Round "5"]
[White "Jirka, Jiri"]
[Black "Lupulescu, Constantin"]
[Result "1-0"]
[WhiteElo "2292"]
[BlackElo "2465"]
[EventDate "2001.07.16"]
[PlyCount "91"]

1.d4 Nf6 2.c4 g6 3.g3 Bg7 4.Bg2 d5 5.cxd5 Nxd5 6.e4 Nb6 7.Ne2 c5 8.d5 e6 
9.O-O exd5 10.exd5 O-O 11.Nec3 Na6 12.Nd2 h6 13.a4 Bf5 14.a5 Nc8 15.Nc4 
Nd6 16.Nxd6 Qxd6 17.g4 Bd7 18.Ne4 Qb8 19.Bxh6 Bxg4 20.Qxg4 Bxh6 21.f4 Kg7 
22.f5 Qe5 23.fxg6 f5 24.Qg3 Qxg3 25.Nxg3 Be3+ 26.Kh1 f4 27.Rae1 Kxg6 28.
Be4+ Kg5 29.Nf5 Rae8 30.Nd6 Rb8 31.Nc4 Bd4 32.Re2 Rbe8 33.Rg2+ Kh4 34.Nd2 
Rf6 35.Nf3+ Kh5 36.Ng5 f3 37.Bxf3+ Kh6 38.Ne6 Nc7 39.Nxd4 cxd4 40.Rg4 Re5 
41.Rh4+ Kg7 42.Rg1+ Kf7 43.Rh7+ Kf8 44.Rh8+ Kf7 45.Bh5+ Rxh5 46.Rxh5 1-0

[Event "29th ECh U20"]
[Site "Patras GRE"]
[Date "2001.07.20"]
[Round "5"]
[White "Lazar, Ales"]
[Black "Berkvens, Joost"]
[Result "0-1"]
[WhiteElo "2259"]
[BlackElo "2444"]
[EventDate "2001.07.16"]
[PlyCount "84"]

1.e4 c5 2.Nf3 d6 3.c3 Nf6 4.Be2 Nbd7 5.d3 g6 6.O-O Bg7 7.Nbd2 O-O 8.Re1 e5
9.Bf1 b6 10.Nc4 Qc7 11.Bg5 h6 12.Bh4 Re8 13.Ne3 Bb7 14.c4 Nf8 15.Bxf6 Bxf6
16.g3 Bg7 17.Bh3 Bc8 18.Bxc8 Raxc8 19.Qa4 Ne6 20.Qb5 Rf8 21.Nd5 Qb7 22.Qb3
f5 23.Rf1 Qd7 24.Rae1 f4 25.Qd1 h5 26.h4 Bh6 27.Nh2 Nd4 28.g4 f3 29.Kh1 
Bf4 30.Rg1 hxg4 31.Ne3 Bxh2 32.Kxh2 Rf4 33.Nd5 g5 34.h5 g3+ 35.Rxg3 Rh4+ 
36.Kg1 Rf8 37.Qd2 Rg4 38.Kh2 Rxg3 39.fxg3 Qg4 40.Qf2 Qxh5+ 41.Kg1 Kf7 42.
Re3 Ne2+ 0-1

[Event "29th ECh U20"]
[Site "Patras GRE"]
[Date "2001.07.20"]
[Round "5"]
[White "Le Roux, Jean-Pierre"]
[Black "Kumin, Simon"]
[Result "1-0"]
[WhiteElo "2285"]
[BlackElo "2313"]
[EventDate "2001.07.16"]
[PlyCount "33"]

1.e4 c5 2.Nf3 e6 3.d4 cxd4 4.Nxd4 a6 5.Bd3 Nf6 6.Nc3 Qc7 7.O-O Nc6 8.Nxc6 
dxc6 9.f4 e5 10.Qe1 Bd6 11.Kh1 exf4 12.e5 Bxe5 13.Bxf4 Ng4 14.Bxe5 Nxe5 
15.Qg3 O-O 16.Rae1 f6 17.Bc4+ 1-0

[Event "29th ECh U20"]
[Site "Patras GRE"]
[Date "2001.07.20"]
[Round "5"]
[White "Ginzburg, Mikhail"]
[Black "Castaldo, Folco"]
[Result "1/2-1/2"]
[WhiteElo "2274"]
[BlackElo "2304"]
[EventDate "2001.07.16"]
[PlyCount "48"]

1.e4 e6 2.Qe2 c5 3.g3 b6 4.Bg2 Bb7 5.d3 d6 6.Nf3 Nf6 7.O-O Be7 8.Nbd2 O-O 
9.Re1 Nbd7 10.h3 b5 11.Nh2 Qc7 12.f4 c4 13.Ndf3 cxd3 14.cxd3 Rfc8 15.Bd2 
Qc2 16.Bc3 Qxe2 17.Rxe2 Nc5 18.Rd1 a5 19.Ne1 Bd8 20.Nhf3 Bb6 21.Bd4 Nfd7 
22.Kh2 Rc7 23.h4 Rac8 24.Bf2 b4 1/2-1/2

[Event "29th ECh U20"]
[Site "Patras GRE"]
[Date "2001.07.20"]
[Round "5"]
[White "Haznedaroglu, Kivanc"]
[Black "Paljusaj, Edmond"]
[Result "1-0"]
[WhiteElo "2345"]
[BlackElo "2230"]
[EventDate "2001.07.16"]
[PlyCount "91"]

1.e4 c5 2.Nf3 Nc6 3.d4 cxd4 4.Nxd4 Nf6 5.Nc3 e5 6.Ndb5 d6 7.Bg5 a6 8.Na3 
b5 9.Bxf6 gxf6 10.Nd5 Bg7 11.g3 Ne7 12.Nxe7 Qxe7 13.c4 f5 14.cxb5 d5 15.
Qa4 O-O 16.exd5 axb5 17.Qb3 Ra4 18.Nc2 f4 19.Bg2 e4 20.gxf4 Qd6 21.O-O 
Qxf4 22.Rfe1 Kh8 23.Qxb5 e3 24.Rxe3 Qh4 25.Rae1 Rf4 26.Rg3 Qf6 27.Re8 Qd6 
28.Rxf8+ Bxf8 29.Qc6 Qd8 30.Qc3+ f6 31.Ne3 Bb4 32.Qd3 Be1 33.Rf3 Qd6 34.
Nc4 Qc7 35.b3 Rg4 36.Rg3 Rf4 37.Rf3 Rg4 38.d6 Qf7 39.Qe3 Bb7 40.Rg3 Rxg3 
41.hxg3 Bxg2 42.Kxg2 Qd5+ 43.Qf3 Qd4 44.Qe3 Qd5+ 45.f3 Qd1 46.d7 1-0

[Event "29th ECh U20"]
[Site "Patras GRE"]
[Date "2001.07.20"]
[Round "5"]
[White "Divaris, Kimon"]
[Black "Pilaj, Herwig"]
[Result "0-1"]
[WhiteElo "2240"]
[BlackElo "2297"]
[EventDate "2001.07.16"]
[PlyCount "56"]

1.d4 Nf6 2.c4 c5 3.e3 g6 4.g3 cxd4 5.Qxd4 Nc6 6.Qd2 d5 7.Nc3 Be6 8.cxd5 
Nxd5 9.Bg2 Ndb4 10.Be4 f5 11.Bb1 Qa5 12.Nf3 Bc4 13.b3 Rd8 14.bxc4 Rxd2 15.
Bxd2 Bg7 16.a4 O-O 17.O-O Rd8 18.Ra3 Qc5 19.Nb5 a6 20.Nbd4 Rd6 21.Rc1 e5 
22.Nb3 Qa7 23.Bc3 a5 24.Kg2 b6 25.e4 Nd3 26.Rc2 Rd8 27.Rd2 fxe4 28.Ng5 Qe7
0-1

[Event "29th ECh U20"]
[Site "Patras GRE"]
[Date "2001.07.20"]
[Round "5"]
[White "Georgiou, Kostantinos"]
[Black "Vallin, Guillaume"]
[Result "0-1"]
[WhiteElo "2142"]
[BlackElo "2359"]
[EventDate "2001.07.16"]
[PlyCount "74"]

1.e4 e6 2.b3 d5 3.Bb2 c5 4.exd5 exd5 5.Bb5+ Bd7 6.Qe2+ Qe7 7.Nc3 Nf6 8.
Bxd7+ Kxd7 9.O-O-O Qxe2 10.Ncxe2 Ne4 11.Nh3 Na6 12.f3 Nd6 13.d4 c4 14.Nhf4
Kc6 15.Rhe1 Nc7 16.Kb1 g6 17.g4 Bg7 18.Ng2 h5 19.h4 hxg4 20.fxg4 Rae8 21.
Ng3 b5 22.h5 Ne6 23.Nh4 Ng5 24.Rxe8 Nxe8 25.Bc1 Ne4 26.Nxe4 dxe4 27.d5+ 
Kd7 28.Rf1 Nd6 29.Ba3 e3 30.Bxd6 Kxd6 31.Re1 Re8 32.hxg6 fxg6 33.Ng2 Bh6 
34.Rh1 Bg5 35.c3 e2 36.Kc2 Rf8 37.Re1 Rf2 0-1

[Event "29th ECh U20"]
[Site "Patras GRE"]
[Date "2001.07.20"]
[Round "5"]
[White "Pert, Richard"]
[Black "Zvan, Ziga"]
[Result "1-0"]
[WhiteElo "2245"]
[BlackElo "2168"]
[EventDate "2001.07.16"]
[PlyCount "91"]

1.d4 Nf6 2.Nf3 g6 3.g3 Bg7 4.Bg2 O-O 5.O-O Nc6 6.c4 d5 7.Nbd2 Re8 8.b3 
dxc4 9.Nxc4 Bg4 10.Bb2 Qc8 11.Re1 a5 12.Rc1 h5 13.Nfe5 Nxe5 14.dxe5 Nh7 
15.Nb6 cxb6 16.Rxc8 Raxc8 17.h3 Red8 18.Qb1 Be6 19.Rd1 Rxd1+ 20.Qxd1 Nf8 
21.Bxb7 Rc5 22.Bd4 Rc7 23.Bg2 Rd7 24.Qa1 b5 25.Kh2 Bd5 26.e4 Bb7 27.f4 Ne6
28.Be3 Rd3 29.Qc1 Bh6 30.h4 b4 31.Kg1 Rc3 32.Qd2 Bc6 33.Kh2 Bb7 34.Bb6 Nc5
35.Bxc5 Rxc5 36.e6 Bc6 37.exf7+ Kxf7 38.e5 Bxg2 39.Qxg2 Bf8 40.Qd2 e6 41.
Qd8 Be7 42.Qh8 Rc2+ 43.Kh3 Rxa2 44.Qh7+ Kf8 45.Qxg6 a4 46.bxa4 1-0

[Event "29th ECh U20"]
[Site "Patras GRE"]
[Date "2001.07.20"]
[Round "5"]
[White "Atakisi, Umut"]
[Black "Zournatsidis, Evgenios"]
[Result "1-0"]
[WhiteElo "2302"]
[BlackElo "2098"]
[EventDate "2001.07.16"]
[PlyCount "79"]

1.e4 c5 2.Nf3 Nc6 3.d4 cxd4 4.Nxd4 Qc7 5.Nc3 e6 6.Be3 a6 7.Bd3 b5 8.Nxc6 
Qxc6 9.O-O Nf6 10.a3 Bb7 11.Qe2 Bc5 12.Bxc5 Qxc5 13.e5 Qc6 14.f4 Nd5 15.
Nxd5 Qxd5 16.f5 g6 17.fxe6 dxe6 18.Rf4 Rc8 19.Raf1 O-O 20.h4 Rc5 21.b4 Rc7
22.h5 Rd8 23.Qf2 Rdd7 24.Re1 Kg7 25.Rg4 Kf8 26.hxg6 hxg6 27.Re3 f5 28.exf6
Qh5 29.Rh4 Qg5 30.Rh8+ Kf7 31.Rg3 Qc1+ 32.Kh2 g5 33.Rh7+ Kg8 34.Rxd7 Rxd7 
35.Qc5 Qf4 36.Qxg5+ Qxg5 37.Rxg5+ Kh8 38.Rh5+ Kg8 39.Bg6 Rd8 40.Rh7 1-0

[Event "29th ECh U20"]
[Site "Patras GRE"]
[Date "2001.07.20"]
[Round "5"]
[White "Mladenov, Svetlin"]
[Black "Gengler, Pierre"]
[Result "1-0"]
[WhiteElo "2306"]
[BlackElo "2023"]
[EventDate "2001.07.16"]
[PlyCount "81"]

1.e4 c5 2.Nf3 Nc6 3.d4 cxd4 4.Nxd4 Nf6 5.Nc3 e5 6.Ndb5 d6 7.Bg5 a6 8.Na3 
b5 9.Nd5 Qa5+ 10.Bd2 Qd8 11.Nxf6+ Qxf6 12.c4 Nd4 13.Be3 b4 14.Nc2 Nc6 15.
Qd5 Bb7 16.Nxb4 Rc8 17.f3 Be7 18.Nxc6 Bxc6 19.Qd2 O-O 20.Bd3 Bd7 21.O-O 
Be6 22.Rfc1 Kh8 23.b4 g5 24.c5 dxc5 25.bxc5 g4 26.Bxa6 Rcd8 27.Qf2 gxf3 
28.Qxf3 Qg6 29.c6 f5 30.c7 Ra8 31.exf5 Bxf5 32.Bb7 Rae8 33.Qg3 Qxg3 34.
hxg3 Ba3 35.Rf1 Bc8 36.Rxf8+ Rxf8 37.Bxc8 Rxc8 38.Bb6 Bd6 39.Kh2 Kg7 40.
Rd1 Bxc7 41.Rd7+ 1-0

[Event "29th ECh U20"]
[Site "Patras GRE"]
[Date "2001.07.21"]
[Round "6"]
[White "Timofeev, Artiom"]
[Black "Dziuba, Marcin"]
[Result "1-0"]
[WhiteElo "2521"]
[BlackElo "2471"]
[EventDate "2001.07.16"]
[PlyCount "81"]

1.e4 c5 2.Nf3 Nc6 3.d4 cxd4 4.Nxd4 Nf6 5.Nc3 e5 6.Ndb5 d6 7.Bg5 a6 8.Na3 
b5 9.Nd5 Be7 10.Bxf6 Bxf6 11.c3 O-O 12.Nc2 Nb8 13.c4 bxc4 14.Bxc4 Nd7 15.
b4 Nb6 16.Nce3 Bg5 17.Nxb6 Qxb6 18.Nd5 Qa7 19.O-O Be6 20.Qd3 Kh8 21.Rad1 
Rab8 22.a3 a5 23.b5 Qc5 24.a4 f5 25.exf5 Rxf5 26.h4 Bf4 27.Nxf4 Qxc4 28.
Nxe6 Qxe6 29.Qxd6 Qxd6 30.Rxd6 Rf4 31.Ra1 Rxh4 32.Ra6 h5 33.Rxa5 Rb7 34.
Rb1 Rd4 35.Ra8+ Kh7 36.a5 Rd2 37.b6 e4 38.a6 Rf7 39.f3 exf3 40.b7 Rxg2+ 
41.Kf1 1-0

[Event "29th ECh U20"]
[Site "Patras GRE"]
[Date "2001.07.21"]
[Round "6"]
[White "Berg, Emanuel"]
[Black "Izoria, Zviad"]
[Result "1/2-1/2"]
[WhiteElo "2496"]
[BlackElo "2486"]
[EventDate "2001.07.16"]
[PlyCount "87"]

1.e4 e6 2.d4 d5 3.Nc3 Nf6 4.e5 Nfd7 5.f4 c5 6.Nf3 Nc6 7.Be3 cxd4 8.Nxd4 
Bc5 9.Qd2 O-O 10.O-O-O a6 11.h4 Nxd4 12.Bxd4 b5 13.Rh3 b4 14.Na4 Bxd4 15.
Qxd4 a5 16.Bb5 Rb8 17.Bd3 Qc7 18.Kb1 Bb7 19.h5 Bc6 20.Nc5 Nxc5 21.Qxc5 
Rfc8 22.h6 g6 23.g4 Bb5 24.Qxc7 Rxc7 25.Bxb5 Rxb5 26.Rd4 Rbc5 27.Rh2 Kf8 
28.Rhd2 Ke7 29.g5 Kd7 30.b3 Kc6 31.a3 Kb5 32.axb4 axb4 33.Kb2 R5c6 34.R4d3
Ra6 35.c3 Rca7 36.cxb4 Kxb4 37.Rd4+ Kc5 38.Kc3 Ra3 39.Rb4 Ra1 40.Rb8 Ra8 
41.Rb7 R8a7 42.Rb8 Ra8 43.Rb7 R8a7 44.Rb8 1/2-1/2

[Event "29th ECh U20"]
[Site "Patras GRE"]
[Date "2001.07.21"]
[Round "6"]
[White "Berkvens, Joost"]
[Black "Pert, Nicholas"]
[Result "1/2-1/2"]
[WhiteElo "2444"]
[BlackElo "2475"]
[EventDate "2001.07.16"]
[PlyCount "27"]

1.d4 d5 2.c4 c6 3.Nf3 Nf6 4.e3 Bg4 5.Qb3 Qb6 6.c5 Qc7 7.Ne5 Bf5 8.Nc3 Nbd7
9.f4 e6 10.Be2 Ne4 11.O-O Be7 12.Nxd7 Qxd7 13.Nxe4 Bxe4 14.Bd3 1/2-1/2

[Event "29th ECh U20"]
[Site "Patras GRE"]
[Date "2001.07.21"]
[Round "6"]
[White "Kujovic, Michal"]
[Black "Smirnov, Pavel"]
[Result "0-1"]
[WhiteElo "2335"]
[BlackElo "2530"]
[EventDate "2001.07.16"]
[PlyCount "70"]

1.d4 Nf6 2.c4 g6 3.Nf3 Bg7 4.Nc3 O-O 5.Bg5 c5 6.d5 d6 7.e4 e6 8.Be2 h6 9.
Bf4 exd5 10.cxd5 g5 11.Be3 Ng4 12.Bd2 f5 13.exf5 Bxf5 14.O-O Nd7 15.h3 
Ngf6 16.a4 Qe7 17.Ra3 Rae8 18.Bc1 Ne4 19.Bd3 Qf7 20.Nb5 Ndf6 21.Nd2 Rd8 
22.Nxa7 Kh8 23.Nb5 Qxd5 24.Nc4 Qc6 25.f4 d5 26.Ne3 Bh7 27.fxg5 hxg5 28.Nf5
c4 29.Nxg7 cxd3 30.Nf5 Bxf5 31.Rxf5 Ng3 32.Nd4 Qc5 33.Be3 Nxf5 34.Nxf5 d4 
35.Nxd4 Rxd4 0-1

[Event "29th ECh U20"]
[Site "Patras GRE"]
[Date "2001.07.21"]
[Round "6"]
[White "Mladenov, Svetlin"]
[Black "Buhmann, Rainer"]
[Result "0-1"]
[WhiteElo "2306"]
[BlackElo "2498"]
[EventDate "2001.07.16"]
[PlyCount "66"]

1.e4 c5 2.Nf3 Nc6 3.d4 cxd4 4.Nxd4 Nf6 5.Nc3 e5 6.Ndb5 d6 7.Bg5 a6 8.Na3 
b5 9.Nd5 Be7 10.Bxf6 Bxf6 11.c3 Rb8 12.Nc2 O-O 13.a3 Kh8 14.Bd3 Be6 15.
Ncb4 Nxb4 16.axb4 Bxd5 17.exd5 Qb6 18.O-O g6 19.Ra3 Ra8 20.Qb3 Rfe8 21.Rc1
e4 22.Be2 Re5 23.Ra5 Rf5 24.Rf1 Qb7 25.c4 Bd8 26.Raa1 bxc4 27.Bxc4 Bb6 28.
Qa4 Qa7 29.Qc6 Bxf2+ 30.Kh1 Rd8 31.Rxa6 Qd4 32.b5 Qe5 33.Qc7 Qxh2+ 0-1

[Event "29th ECh U20"]
[Site "Patras GRE"]
[Date "2001.07.21"]
[Round "6"]
[White "Lupulescu, Constantin"]
[Black "Le Roux, Jean-Pierre"]
[Result "1/2-1/2"]
[WhiteElo "2465"]
[BlackElo "2285"]
[EventDate "2001.07.16"]
[PlyCount "111"]

1.e4 e6 2.d4 d5 3.Nd2 c5 4.exd5 Qxd5 5.Ngf3 cxd4 6.Bc4 Qd6 7.O-O Nf6 8.Nb3
Nc6 9.Nbxd4 Nxd4 10.Nxd4 a6 11.Re1 Be7 12.c3 O-O 13.Qf3 Qc7 14.Bb3 Bd7 15.
Bf4 Qb6 16.Nf5 Bd8 17.Nxg7 Kxg7 18.Be5 Rg8 19.Re4 Bc6 20.Bxf6+ Kf8 21.Bxe6
Bxf6 22.Qxf6 Rxg2+ 23.Kxg2 Bxe4+ 24.f3 Qxe6 25.Qxe6 Bxf3+ 26.Kxf3 fxe6 27.
Rd1 Ke7 28.Rd4 Rf8+ 29.Ke3 Rg8 30.Rb4 b5 31.a4 Rg5 32.Rh4 h5 33.Kd3 Rd5+ 
34.Kc2 Kf6 35.c4 bxc4 36.Rxc4 a5 37.b4 axb4 38.Rxb4 e5 39.Kc3 Kf5 40.Rb1 
Kf4 41.Rf1+ Kg4 42.Re1 Kf3 43.Kc4 Rd4+ 44.Kc3 Rxa4 45.Rxe5 h4 46.Kd2 Rf4 
47.Re2 Rg4 48.Re8 h3 49.Rf8+ Kg2 50.Ke3 Rg7 51.Re8 Rf7 52.Rg8+ Kxh2 53.Ke2
Ra7 54.Kf2 Ra2+ 55.Kf1 Rg2 56.Rf8 1/2-1/2

[Event "29th ECh U20"]
[Site "Patras GRE"]
[Date "2001.07.21"]
[Round "6"]
[White "Ginzburg, Mikhail"]
[Black "Guseinov, Gadir"]
[Result "0-1"]
[WhiteElo "2274"]
[BlackElo "2456"]
[EventDate "2001.07.16"]
[PlyCount "88"]

1.e4 c5 2.Nf3 Nc6 3.d4 cxd4 4.Nxd4 g6 5.Nc3 Bg7 6.Be3 Nf6 7.Bc4 O-O 8.Bb3 
a5 9.f3 d5 10.exd5 Nb4 11.Nde2 a4 12.Nxa4 Nfxd5 13.Bd2 Be6 14.a3 Nc6 15.
Rb1 Na5 16.Bxd5 Bxd5 17.b3 Nc6 18.Be3 Qa5+ 19.Qd2 Qxd2+ 20.Bxd2 Be6 21.Bc3
Bxc3+ 22.Naxc3 Rxa3 23.Kf2 Bf5 24.Rb2 Nb4 25.Nd4 Rc8 26.Nxf5 gxf5 27.Nb5 
Ra5 28.Nd4 Rd5 29.Rd1 e5 30.Nxf5 Rxd1 31.Ne7+ Kg7 32.Nxc8 Rd2+ 33.Kg3 Nd3 
34.Ra2 Nf4 35.Kg4 Kf6 36.Nb6 Rxg2+ 37.Kh4 Rxh2+ 38.Kg3 Rg2+ 39.Kh4 h5 40.
Ra5 Rh2+ 41.Kg3 Rg2+ 42.Kh4 e4 43.Nd7+ Ke7 44.Nc5 exf3 0-1

[Event "29th ECh U20"]
[Site "Patras GRE"]
[Date "2001.07.21"]
[Round "6"]
[White "Mastrovasilis, Dimitrios"]
[Black "Tsiamis, Konstantinos"]
[Result "1-0"]
[WhiteElo "2435"]
[BlackElo "2217"]
[EventDate "2001.07.16"]
[PlyCount "131"]

1.e4 c6 2.d4 d5 3.e5 Bf5 4.h4 h5 5.c4 e6 6.Nc3 Ne7 7.Nge2 dxc4 8.Ng3 Bg6 
9.Bxc4 Nf5 10.Nge2 Bh7 11.Bg5 Qb6 12.Qd2 Nd7 13.Rd1 Qb4 14.Bb3 Be7 15.Bxe7
Qxe7 16.Qg5 O-O-O 17.Qxe7 Nxe7 18.Ng3 Bg6 19.Nce2 Nb6 20.Nf4 Rh6 21.f3 
Nbd5 22.Bxd5 Nxd5 23.Nxd5 Rxd5 24.Kf2 Rh8 25.Ke3 Rhd8 26.Ne2 Ra5 27.a3 Bc2
28.Rc1 Bb3 29.Rc3 Bd5 30.Nf4 g6 31.Nd3 Rb5 32.b4 a5 33.a4 axb4 34.axb5 
bxc3 35.b6 Kd7 36.Nc5+ Ke7 37.Nxb7 Rb8 38.Nd6 Kd7 39.b7 f6 40.Rc1 fxe5 41.
dxe5 c5 42.Rxc3 Bxb7 43.Nxb7 Rxb7 44.Rxc5 Rb4 45.g3 Ra4 46.Rc3 Ke7 47.Rd3 
Kf7 48.Rd7+ Kf8 49.Rd4 Ra3+ 50.Kf4 Kf7 51.Rd7+ Kf8 52.g4 Ra4+ 53.Kg5 hxg4 
54.fxg4 Re4 55.Ra7 Rd4 56.Rh7 Re4 57.Rh6 Kf7 58.Rxg6 Rxe5+ 59.Kh6 Ra5 60.
Rg7+ Kf6 61.h5 e5 62.g5+ Kf5 63.Re7 e4 64.g6 Ra6 65.Kh7 Kg5 66.Rxe4 1-0

[Event "29th ECh U20"]
[Site "Patras GRE"]
[Date "2001.07.21"]
[Round "6"]
[White "Pilaj, Herwig"]
[Black "Haznedaroglu, Kivanc"]
[Result "1/2-1/2"]
[WhiteElo "2297"]
[BlackElo "2345"]
[EventDate "2001.07.16"]
[PlyCount "41"]

1.d4 d5 2.Nf3 Nf6 3.c4 c6 4.e3 e6 5.Bd3 Bd6 6.O-O O-O 7.Nbd2 Nbd7 8.e4 
dxe4 9.Nxe4 Nxe4 10.Bxe4 h6 11.Bc2 c5 12.Qd3 Nf6 13.Rd1 Qc7 14.dxc5 Bxc5 
15.b4 Be7 16.Bb2 Rd8 17.Qb3 b6 18.Rxd8+ Qxd8 19.Rd1 Qe8 20.Ne5 Bb7 21.a3 
1/2-1/2

[Event "29th ECh U20"]
[Site "Patras GRE"]
[Date "2001.07.21"]
[Round "6"]
[White "Pert, Richard"]
[Black "Flumbort, Andras"]
[Result "1/2-1/2"]
[WhiteElo "2245"]
[BlackElo "2372"]
[EventDate "2001.07.16"]
[PlyCount "37"]

1.d4 Nf6 2.Bg5 e6 3.e4 h6 4.Bxf6 Qxf6 5.c3 b6 6.Bd3 Bb7 7.Ne2 c5 8.O-O Nc6
9.e5 Qe7 10.Nd2 d6 11.f4 dxe5 12.fxe5 Qd7 13.Nf3 Rd8 14.Qe1 cxd4 15.Nexd4 
Nxd4 16.Nxd4 Bc5 17.Kh1 O-O 18.Rf4 Qe7 19.Qg3 1/2-1/2